Представление документа в формате RUSMARC

ПолеНазваниеЗначение
  Тип записи a
  Библиографический уровень m
001 Контрольный номер RU/УОНБ/EK/497095340
005 Дата корректировки 20250520121948.6
010 Индекс ISBN __
a ISBN 978-5-9955-0563-1
d Цена 248 р.
9 Тираж 2500 экз.
b Уточнения в пер.
100 Данные общей обработки __
a Данные общей обработки 20130513d2014 u y rus|0189||||||
101 Язык документа 0_
a Язык текста rus
102 Страна публикации __
a Страна публикации RU
105 Кодированные данные (монография) __
a Кодированные данные (монография) y z 000ay
200 Заглавие и сведения об ответственности 1_
a Заглавие Трон любви
f Первые сведения об ответственности Н. Павлищева
210 Выходные данные 1_
a Место издания Москва
c Издательство Яуза-пресс
d Дата издания 2014
215 Физическое описание __
a Объем 284, [2] с.
d Формат 21 см
225 Серия 2_
a Серия Великолепный век
333 Примечание о целевом назначении __
a Примечание о целевом назначении 16+
606 Тематические рубрики 0_
a Основная рубрика Исторические романы и рассказы (х. л.)
610 Ключевые слова 0_
a Ключевые слова романы исторические русские
686 Индексы других классификаций __
a Классификационный индекс 84Р2-42
2 Код системы rubbk
700 Автор _1
a Фамилия Павлищева
b Имя (инициалы) Н.П.
g Полное личное имя Наталья Павловна
f Даты 1957-
801 Источник записи _0
a Страна RU
b Организация RuMoRKP
c Дата составления 20130513
g Правила каталогизации RCR
801 Источник записи _2
a Страна RU
b Организация РГБ
c Дата составления 20130529
g Правила каталогизации rcr
801 Источник записи _1
a Страна RU
b Организация Ульяновская ОНБ
c Дата составления 20151002
2 Код формата rusmarc
901 Тип документа __
t Тип документа m
909 Создатель записи __
a Создатель записи Горбункова
b Дата создания записи 20151210
938 Служебная информация __
a Имя БД books
b Имя библиотеки УОНБ
c Имя АИБС МАРК-SQL
d Номер DOC_ID в БД 316704